<?xml version="1.0" encoding="UTF-8"?>
<record
    xmlns:xsi="http://www.w3.org/2001/XMLSchema-instance"
    xsi:schemaLocation="http://www.loc.gov/MARC21/slim http://www.loc.gov/standards/marcxml/schema/MARC21slim.xsd"
    xmlns="http://www.loc.gov/MARC21/slim">

  <leader>01758nam0a2200361   4500</leader>
  <controlfield tag="001">RU\NLR\BIBL_A\011333094</controlfield>
  <controlfield tag="005">20260406110037.0</controlfield>
  <datafield tag="010" ind1=" " ind2=" ">
    <subfield code="a">978-5-699-89166-5</subfield>
    <subfield code="9">2017</subfield>
  </datafield>
  <datafield tag="021" ind1=" " ind2=" ">
    <subfield code="a">RU</subfield>
    <subfield code="b">2017-4567</subfield>
    <subfield code="9">321</subfield>
  </datafield>
  <datafield tag="035" ind1=" " ind2=" ">
    <subfield code="a">(NLR Aleph) 011333094</subfield>
  </datafield>
  <datafield tag="090" ind1=" " ind2=" ">
    <subfield code="a">11145757</subfield>
    <subfield code="c">11145756</subfield>
  </datafield>
  <datafield tag="100" ind1=" " ind2=" ">
    <subfield code="a">20170221d2016    |||y0rusy50      ca</subfield>
  </datafield>
  <datafield tag="101" ind1="0" ind2=" ">
    <subfield code="a">rus</subfield>
  </datafield>
  <datafield tag="102" ind1=" " ind2=" ">
    <subfield code="a">RU</subfield>
  </datafield>
  <datafield tag="105" ind1=" " ind2=" ">
    <subfield code="a">abchz|||000zy</subfield>
  </datafield>
  <datafield tag="200" ind1="1" ind2=" ">
    <subfield code="a">&#x412; &#x43F;&#x440;&#x435;&#x434;&#x433;&#x43E;&#x440;&#x44C;&#x44F;&#x445; &#x41F;&#x430;&#x43C;&#x438;&#x440;&#x430; &#x438; &#x422;&#x44F;&#x43D;&#x44C;-&#x428;&#x430;&#x43D;&#x44F;</subfield>
    <subfield code="e">&#x434;&#x43D;&#x435;&#x432;&#x43D;&#x438;&#x43A;&#x438; &#x43F;&#x443;&#x442;&#x435;&#x448;&#x435;&#x441;&#x442;&#x432;&#x435;&#x43D;&#x43D;&#x438;&#x43A;&#x430;</subfield>
    <subfield code="f">&#x418;.&#x412;. &#x41C;&#x443;&#x448;&#x43A;&#x435;&#x442;&#x43E;&#x432;</subfield>
    <subfield code="g">&#x420;&#x443;&#x441;. &#x433;&#x435;&#x43E;&#x433;&#x440;. &#x43E;-&#x432;&#x43E;</subfield>
  </datafield>
  <datafield tag="210" ind1=" " ind2=" ">
    <subfield code="a">&#x41C;&#x43E;&#x441;&#x43A;&#x432;&#x430;</subfield>
    <subfield code="c">&#x42D;&#x43A;&#x441;&#x43C;&#x43E;</subfield>
    <subfield code="d">2016</subfield>
  </datafield>
  <datafield tag="215" ind1=" " ind2=" ">
    <subfield code="a">439 &#x441;., [10] &#x43B;. &#x446;&#x432;. &#x438;&#x43B;., &#x43F;&#x43E;&#x440;&#x442;&#x440;.</subfield>
    <subfield code="c">&#x438;&#x43B;., &#x43F;&#x43E;&#x440;&#x442;&#x440;., &#x43A;&#x430;&#x440;&#x442;., &#x444;&#x430;&#x43A;&#x441;.</subfield>
    <subfield code="d">26</subfield>
  </datafield>
  <datafield tag="225" ind1="1" ind2=" ">
    <subfield code="a">&#x412;&#x435;&#x43B;&#x438;&#x43A;&#x438;&#x435; &#x440;&#x443;&#x441;&#x441;&#x43A;&#x438;&#x435; &#x43F;&#x443;&#x442;&#x435;&#x448;&#x435;&#x441;&#x442;&#x432;&#x435;&#x43D;&#x43D;&#x438;&#x43A;&#x438;</subfield>
    <subfield code="f">&#x440;&#x430;&#x437;&#x440;&#x430;&#x431;.: &#x418;. &#x41F;&#x438;&#x43C;&#x435;&#x43D;&#x43E;&#x432;&#x430;</subfield>
  </datafield>
  <datafield tag="225" ind1="1" ind2=" ">
    <subfield code="a">&#x411;&#x438;&#x431;&#x43B;&#x438;&#x43E;&#x442;&#x435;&#x43A;&#x430; &#x415;&#x432;&#x440;&#x43E;&#x446;&#x435;&#x43C;&#x435;&#x43D;&#x442; &#x433;&#x440;&#x443;&#x43F;</subfield>
  </datafield>
  <datafield tag="300" ind1=" " ind2=" ">
    <subfield code="a">&#x41D;&#x430; &#x43E;&#x431;&#x43E;&#x440;&#x43E;&#x442;&#x435; &#x442;&#x438;&#x442;.&#x43B;. &#x430;&#x432;&#x442;.: &#x418;. &#x412;. &#x41C;&#x443;&#x448;&#x43A;&#x435;&#x442;&#x43E;&#x432; &#x434;.&#x447;&#x43B;. &#x418;&#x43C;&#x43F;. &#x420;&#x443;&#x441;. &#x433;&#x435;&#x43E;&#x433;&#x440;. &#x43E;-&#x432;&#x430;</subfield>
  </datafield>
  <datafield tag="300" ind1=" " ind2=" ">
    <subfield code="a">&#x421;&#x435;&#x440;&#x438;&#x44F; "&#x412;&#x435;&#x43B;&#x438;&#x43A;&#x438;&#x435; &#x440;&#x443;&#x441;&#x441;&#x43A;&#x438;&#x435; &#x43F;&#x443;&#x442;&#x435;&#x448;&#x435;&#x441;&#x442;&#x432;&#x435;&#x43D;&#x43D;&#x438;&#x43A;&#x438;" &#x438;&#x437;&#x434;. &#x43D;&#x430; &#x441;&#x440;&#x435;&#x434;&#x441;&#x442;&#x432;&#x430; &#x420;&#x443;&#x441;. &#x433;&#x435;&#x43E;&#x433;&#x440;. &#x43E;-&#x432;&#x430;</subfield>
  </datafield>
  <datafield tag="333" ind1=" " ind2=" ">
    <subfield code="a">6+</subfield>
  </datafield>
  <datafield tag="600" ind1=" " ind2="1">
    <subfield code="a">&#x41C;&#x443;&#x448;&#x43A;&#x435;&#x442;&#x43E;&#x432;</subfield>
    <subfield code="b">&#x418;.&#x412;.</subfield>
    <subfield code="f">1850 - 1902</subfield>
    <subfield code="g">&#x418;&#x432;&#x430;&#x43D; &#x412;&#x430;&#x441;&#x438;&#x43B;&#x44C;&#x435;&#x432;&#x438;&#x447;</subfield>
    <subfield code="9">1415279</subfield>
    <subfield code="3">RU\NLR\AUTH\66285183</subfield>
  </datafield>
  <datafield tag="607" ind1=" " ind2=" ">
    <subfield code="a">&#x421;&#x440;&#x435;&#x434;&#x43D;&#x44F;&#x44F; &#x410;&#x437;&#x438;&#x44F;</subfield>
    <subfield code="x">&#x41E;&#x43F;&#x438;&#x441;&#x430;&#x43D;&#x438;&#x435; &#x438; &#x43F;&#x443;&#x442;&#x435;&#x448;&#x435;&#x441;&#x442;&#x432;&#x438;&#x44F;</subfield>
    <subfield code="z">19 &#x432;.</subfield>
    <subfield code="9">1685651</subfield>
    <subfield code="3">RU\NLR\AUTH\661047447</subfield>
  </datafield>
  <datafield tag="675" ind1=" " ind2=" ">
    <subfield code="a">910</subfield>
  </datafield>
  <datafield tag="686" ind1="1" ind2=" ">
    <subfield code="a">&#x414;3&#x434;(2)&#x41C;&#x443;&#x448;&#x43A;&#x435;&#x442;&#x43E;&#x432;</subfield>
  </datafield>
  <datafield tag="686" ind1="1" ind2=" ">
    <subfield code="a">&#x414;890(257)02</subfield>
  </datafield>
  <datafield tag="700" ind1=" " ind2="1">
    <subfield code="8">rus</subfield>
    <subfield code="7">ca</subfield>
    <subfield code="a">&#x41C;&#x443;&#x448;&#x43A;&#x435;&#x442;&#x43E;&#x432;</subfield>
    <subfield code="b">&#x418;. &#x412;.</subfield>
    <subfield code="f">1850-1902</subfield>
    <subfield code="g">&#x418;&#x432;&#x430;&#x43D; &#x412;&#x430;&#x441;&#x438;&#x43B;&#x44C;&#x435;&#x432;&#x438;&#x447;</subfield>
    <subfield code="3">RU\NLR\AUTH\77105262</subfield>
    <subfield code="9">88187</subfield>
  </datafield>
  <datafield tag="942" ind1=" " ind2=" ">
    <subfield code="c">BOOK</subfield>
  </datafield>
  <datafield tag="980" ind1=" " ind2=" ">
    <subfield code="a">NB</subfield>
  </datafield>
  <datafield tag="995" ind1=" " ind2=" ">
    <subfield code="5">2017-02-21</subfield>
    <subfield code="a">ad</subfield>
    <subfield code="b">NLR01</subfield>
    <subfield code="c">NLR01</subfield>
    <subfield code="e">RF31</subfield>
    <subfield code="f">1-1741055</subfield>
    <subfield code="k">2017-7/1003</subfield>
    <subfield code="o">0</subfield>
    <subfield code="p">0.00</subfield>
    <subfield code="r">BOOK</subfield>
    <subfield code="s">201771003_</subfield>
  </datafield>
  <datafield tag="995" ind1=" " ind2=" ">
    <subfield code="5">2017-02-21</subfield>
    <subfield code="a">ad</subfield>
    <subfield code="b">NLR01</subfield>
    <subfield code="c">NLR01</subfield>
    <subfield code="e">RF31</subfield>
    <subfield code="f">1-1741056</subfield>
    <subfield code="k">2017-7/1003</subfield>
    <subfield code="o">0</subfield>
    <subfield code="p">0.00</subfield>
    <subfield code="r">BOOK</subfield>
    <subfield code="s">201771003_</subfield>
  </datafield>
</record>
